LEADER 03235oas 2201297 a 450 001 9910146486503321 005 20260127110541.0 011 $a1600-0463 035 $a(DE-599)ZDB2098213-6 035 $a(OCoLC)50102628 035 $a(CONSER) 2004233682 035 $a(CKB)954925562604 035 $a(DE-599)2098213-6 035 $a(EXLCZ)99954925562604 100 $a20020702a19889999 sy a 101 0 $aeng 135 $aurmnu|||||||| 181 $ctxt$2rdacontent 182 $cc$2rdamedia 183 $acr$2rdacarrier 200 10$aAPMIS 210 $a[Copenhagen $cMunksgaard$d©1988]- 210 3 $a[Oxford $cBlackwell] 210 3 $aOxford $cJohn Wiley & Sons Ltd 300 $aRefereed/Peer-reviewed 311 08$a0903-4641 517 3 $aActa pathologica, microbiologica et immunologica Scandinavica 517 1 $aAPMIS :$ejournal of pathology, microbiology and immunology 517 1 $aJournal of pathology, microbiology and immunology 517 1 $aAPMIS journal 531 0 $aAPMIS 606 $aPathology$vPeriodicals 606 $aMicrobiology$vPeriodicals 606 $aImmunology$vPeriodicals 606 $aMicrobiology 606 $aPathology 606 $aAllergy and Immunology 606 $aPathologie$vPe?riodiques 606 $aMicrobiologie$vPe?riodiques 606 $aImmunologie$vPe?riodiques 606 $aImmunology$2fast$3(OCoLC)fst00968006 606 $aMicrobiology$2fast$3(OCoLC)fst01019576 606 $aPathology$2fast$3(OCoLC)fst01054964 606 $aPatologia$2thub 606 $aMicrobiologia$2thub 606 $aImmunologia$2thub 608 $aPeriodicals.$2fast 608 $aPeriodicals.$2lcgft 608 $aRevistes electròniques.$2thub 615 0$aPathology 615 0$aMicrobiology 615 0$aImmunology 615 2$aMicrobiology. 615 2$aPathology. 615 2$aAllergy and Immunology. 615 6$aPathologie 615 6$aMicrobiologie 615 6$aImmunologie 615 7$aImmunology. 615 7$aMicrobiology. 615 7$aPathology. 615 7$aPatologia. 615 7$aMicrobiologia. 615 7$aImmunologia. 676 $a616 676 $a571.9 712 02$aScandinavian Societies for Medical Microbiology and Pathology, 801 0$bINT 801 1$bINT 801 2$bOCLCQ 801 2$bGUA 801 2$bPIT 801 2$bF#A 801 2$bMUQ 801 2$bVRC 801 2$bOCLCQ 801 2$bDLC 801 2$bOCLCF 801 2$bNLGGC 801 2$bOCLCQ 801 2$bZ5A 801 2$bOCLCO 801 2$bOCLCA 801 2$bBUF 801 2$bOCLCO 801 2$bOCLCQ 801 2$bEZC 801 2$bOCLCO 801 2$bU3W 801 2$bOCLCO 801 2$bAU@ 801 2$bWYU 801 2$bVT2 801 2$bOCLCO 801 2$bOCLCQ 801 2$bOCLCO 801 2$bNJT 801 2$bOCLCA 801 2$bUBY 801 2$bOCLCO 801 2$bDLC 801 2$bOCLCQ 801 2$bJ9U 801 2$bUAB 801 2$bSFB 801 2$bOCLCL 801 2$bOCLCQ 906 $aJOURNAL 912 $a9910146486503321 996 $aAPMIS$92047632 997 $aUNINA LEADER 03308nam 22006255 450 001 9910254169203321 005 20251230064337.0 010 $a3-319-44866-8 024 7 $a10.1007/978-3-319-44866-4 035 $a(CKB)3710000001630942 035 $a(MiAaPQ)EBC4933637 035 $a(DE-He213)978-3-319-44866-4 035 $a(PPN)203852729 035 $a(EXLCZ)993710000001630942 100 $a20170801d2017 u| 0 101 0 $aeng 135 $aurcnu|||||||| 181 $2rdacontent 182 $2rdamedia 183 $2rdacarrier 200 10$a30th International Symposium on Shock Waves 2 $eISSW30 - Volume 2 /$fedited by Gabi Ben-Dor, Oren Sadot, Ozer Igra 205 $a1st ed. 2017. 210 1$aCham :$cSpringer International Publishing :$cImprint: Springer,$d2017. 215 $a1 online resource (681 pages) 311 08$a3-319-44864-1 320 $aIncludes bibliographical references at the end of each chapters and index. 330 $aThese proceedings collect the papers presented at the 30th International Symposium on Shock Waves (ISSW30), which was held in Tel-Aviv Israel from July 19 to July 24, 2015. The Symposium was organized by Ortra Ltd. The ISSW30 focused on the state of knowledge of the following areas: Nozzle Flow, Supersonic and Hypersonic Flows with Shocks, Supersonic Jets, Chemical Kinetics, Chemical Reacting Flows, Detonation, Combustion, Ignition, Shock Wave Reflection and Interaction, Shock Wave Interaction with Obstacles, Shock Wave Interaction with Porous Media, Shock Wave Interaction with Granular Media, Shock Wave Interaction with Dusty Media, Plasma, Magnetohyrdrodynamics, Re-entry to Earth Atmosphere, Shock Waves in Rarefied Gases, Shock Waves in Condensed Matter (Solids and Liquids), Shock Waves in Dense Gases, Shock Wave Focusing, Richtmyer-Meshkov Instability, Shock Boundary Layer Interaction, Multiphase Flow, Blast Waves, Facilities, Flow Visualization, and Numerical Methods. The two volumes serve as a reference for the participants of the ISSW30 and anyone interested in these fields. 606 $aMechanical engineering 606 $aContinuum mechanics 606 $aMaterials$xAnalysis 606 $aChemistry, Physical and theoretical 606 $aComputational intelligence 606 $aMechanical Engineering 606 $aContinuum Mechanics 606 $aCharacterization and Analytical Technique 606 $aPhysical Chemistry 606 $aComputational Intelligence 615 0$aMechanical engineering. 615 0$aContinuum mechanics. 615 0$aMaterials$xAnalysis. 615 0$aChemistry, Physical and theoretical. 615 0$aComputational intelligence. 615 14$aMechanical Engineering. 615 24$aContinuum Mechanics. 615 24$aCharacterization and Analytical Technique. 615 24$aPhysical Chemistry. 615 24$aComputational Intelligence. 676 $a531.1133 702 $aBen-Dor$b Gabi$f1950-$4edt$4http://id.loc.gov/vocabulary/relators/edt 702 $aSadot$b Oren$4edt$4http://id.loc.gov/vocabulary/relators/edt 702 $aIgra$b Ozer$4edt$4http://id.loc.gov/vocabulary/relators/edt 906 $aBOOK 912 $a9910254169203321 996 $a30th International Symposium on Shock Waves 2$92203572 997 $aUNINA